Le plus peuplé en un contre un - Mort subite #6 - Statistiques

Statistiques générales
  • Ce quiz a été pris 82 fois
  • Le résultat moyen est 4 sur 20
Answers on the Grid
Answers color-coded by a green-red scale on the quiz's grid according to % correct below.
Royaume-Uni
Afrique du Sud
France
Thaïlande
Italie
Irak
Espagne
Colombie
Ukraine
Australie
Pologne
Côte d'Ivoire
Roumanie
Sri Lanka
Pays-Bas
Paraguay
Belgique
Tunisie
Suède
Rwanda
Portugal
Cuba
Grèce
Libye
Hongrie
Turkménistan
Autriche
Népal
Danemark
Mauritanie
Irlande
Mongolie
Croatie
Costa Rica
Lituanie
Koweït
Slovénie
Jamaïque
Luxembourg
Djibouti
 
Statistiques - réponses
Réponse % Correct
Royaume-Uni
96%
Thaïlande
68%
Ukraine
44%
Colombie
42%
Italie
42%
Pologne
26%
Pays-Bas
18%
Sri Lanka
16%
Rwanda
12%
Tunisie
12%
Djibouti
10%
Cuba
8%
Irlande
8%
Costa Rica
6%
Népal
6%
Danemark
4%
Hongrie
4%
Jamaïque
4%
Koweït
4%
Libye
4%
Aucun quiz correspondant
Distribution des résultats
% des personnes avec chaque résultat
Percentile par nombre de réponses
Votre historique - résultats
Vous n’avez pas pris ce quiz